| 000 | 00761cam a22002657a 4500 | ||
|---|---|---|---|
| 003 | CHAP | ||
| 005 | 20220329134322.0 | ||
| 008 | 971013s1901 r 00010 d | ||
| 010 | _a18645 | ||
| 011 | _a19617 | ||
| 035 | _a23702 | ||
| 040 | _cCHAP | ||
| 082 |
_a634.81 _bH5 |
||
| 245 | 1 | 3 | _aLa destrucción de la filoxera con el carburo de calcio |
| 260 |
_aMéxico, D.F. : _b(s.e.), _c1901 |
||
| 300 | _app. (235-238) | ||
| 501 | _aEnc. con otros impresos similares | ||
| 590 |
_aBATCH-UPD _b10 _c20130110 _lUCH01 _h0054 |
||
| 590 |
_aCONVERSION _b10 _c20130109 _lUCH01 _h1311 |
||
| 650 | 1 | 4 |
_aCarburo de calcio. _918860 |
| 650 | 1 | 4 |
_aPhylloxera vitifoliae. _987887 |
| 901 | _aBK | ||
| 942 | _cLIBRO | ||
| 949 |
_a634.81 H5 _bBC _cBPP _d-55065 _eBPP _i23702 _si |
||
| 999 |
_c18645 _d18645 |
||